000 00895nam a22001697a 4500
003 OSt
005 20251113085053.0
008 251113b |||||||| |||| 00| 0 eng d
040 _cDCL
082 _a၂၉၄.၃၈၂၃၅၈
130 _aတိပိဋက။
_pသုတ္တန္တပိဋက။
_pခုဒ္ဒကနိကာယ။
_tနေတ္ထိ၊
_lပါဠိတော်၊
_sနိဿယ။
245 _aနေတ္ထိပါဠိတော်နိဿယ။
264 _aရန်ကုန် ၊
_bမန်းတလေးတောင်ပိဋကတ်တော်စာ ပုံနှိပ်တိုက်၊
_c[၁၉၃၇]။
300 _aခ၊ ၄၄၉ စာမျက်နှာ ၊
_c၂၅ စင်တီ။
650 _aနေတ္ထိ
_vပါဠိတော်နိဿယ။
942 _2ddc
_cSHORT TERM
_n0
999 _c2458
_d2458